| 000 | 01281nam a22002177a 4500 | ||
|---|---|---|---|
| 999 |
_c75690 _d75690 |
||
| 005 | 20210419065046.0 | ||
| 008 | s2558 th tha d | ||
| 020 | _a9786167739762 | ||
| 040 | _aNALT | ||
| 041 | _atha | ||
| 050 |
_aJZ 5490 _bอ617 2558 |
||
| 245 | 0 | 0 |
_aอาเซียนสู่การเป็นประชาคม : _bความเคลื่อนไหวด้านการเมือง เศรษฐกิจ สังคมวัฒนธรรม / _cม.ล. พินิตพันธุ์ บริพัตร, บรรณาธิการ. |
| 260 |
_aกรุงเทพฯ : _bโครงการ "จับตาอาเซียน" (ASEAN Watch) สกว., _c2558. |
||
| 300 |
_a257 หน้า : _bภาพประกอบ, แผนที่, ตาราง ; _c21 ซม. |
||
| 650 | 4 |
_aประชาคมอาเซียน _927759 |
|
| 651 | 4 |
_931241 _aกลุ่มประเทศอาเซียน _xความร่วมมือระหว่างประเทศ |
|
| 700 | 0 |
_aพินิตพันธุ์ บริพัตร, _cม.ล. _937623 |
|
| 850 | _aNALT | ||
| 942 |
_cGB _02 _2lcc |
||
| 998 |
_j104 _k สายฝน ดีงาม |
||